O práci V.I. Lenina "Dětská nemoc levičáctví v komunismu" /
Uložené v:
| Hlavný autor: | |
|---|---|
| Ďalší autori: | |
| Médium: | Kniha |
| Jazyk: | Czech Russian |
| Vydané: |
Praha :
Svoboda,
1951
|
| Vydanie: | 1. autoris. vyd. |
| Edícia: | Ke studiu klasiků marxismu-leninismu
sv. 10 |
| Témy: | |
| ISBN: |
(brož.) |
| Fyzický popis: |
66, [2] s. |
| Tagy: |
Pridať tag
Žiadne tagy, Buďte prvý kto otaguje tento záznam!
|
Titul je dostupný aj v ... 

MARC
| LEADER | 00000nam a22000001 4500 | ||
|---|---|---|---|
| 001 | 000444607 | ||
| 005 | 20160428135246.0 | ||
| 008 | 980210s1951 xr cze d | ||
| 020 | |a (brož.) |c Kčs 8,00 | ||
| 040 | |a SVKKK |b slo |c SVKKK |e AACR2 | ||
| 041 | 1 | |a cze |h rus | |
| 044 | |a xr |c CZ | ||
| 100 | 1 | |a Tropkin, Nikolaj Vasil´jevič |4 aut | |
| 240 | 1 | 0 | |a O rabote V.I. Lenina "Detskaja bolezn´ levizny v kommunizme" |l Česky |
| 245 | 1 | 0 | |a O práci V.I. Lenina "Dětská nemoc levičáctví v komunismu" / |c N.V. Tropkin ; z rus. orig. ... O rabote V.I. Lenina "Detskaja bolezn´ levizny v kommunizme" ... přel. Zdeněk Koudelka. |
| 250 | |a 1. autoris. vyd. | ||
| 260 | |a Praha : |b Svoboda, |c 1951 |e (Brno : |f Svoboda 05, n.p.) | ||
| 300 | |a 66, [2] s. | ||
| 366 | |e 20750 výtl. | ||
| 490 | 1 | |a Ke studiu klasiků marxismu-leninismu |v sv. 10 | |
| 500 | |a Odkazy na lit. | ||
| 600 | 1 | 7 | |a Lenin, Vladimir Il´jič, |d 1870-1924 |2 SVKKKMA |
| 700 | 1 | |a Koudelka, Zdeněk |4 trl | |
| 830 | 0 | |a Ke studiu klasiků marxismu-leninismu |v sv. 10 | |
| 910 | |a svkkk | ||
| 998 | |a BK | ||
| 090 | |g SCKHL |k Sklad Hlavná 10 suterén |a I.45851 |j 45851 |i 2720293793 |4 Multiplikát |s Vyradená | ||
| 090 | |g SCKHL |k Sklad Pribinova prízemie |a I.1143 |j 7613 |i 2720378996 |s Prezenčne | ||
| 090 | |g SCKHL |k Sklad Pribinova prízemie |a I.6892 |j 121284 |i 2720389128 |s Prezenčne | ||
| 090 | |g SCKHL |k Sklad Pribinova prízemie |a I.7041 |j 121448 |i 2720389268 |s Prezenčne | ||
| 090 | |g SCKHL |k Sklad Pribinova prízemie |a I.7042 |j 121449 |i 2720389269 |s Prezenčne | ||
| 090 | |g SCKHL |k Sklad Pribinova prízemie |a I.9 |j 501 |i 2720421091 |s Prezenčne | ||